Sports Quiz

Random Sports or Color Quiz

Pixel Art - NFL Team #14 Quiz Stats

 Plays Quiz not verified by Sporcle

Challenge
Share
Tweet
Score 0/289 Timer 03:00
0 Plays Today
% Correct
???
96.3%
???
96%
???
95.8%
???
95.8%
???
95.7%
???
95.6%
???
95.6%
???
95.5%
???
95.5%
???
95.4%
???
95.4%
???
95.4%
???
95.4%
???
95.4%
???
95.3%
???
95.3%
???
95.3%
???
95.3%
???
95.3%
???
95.3%
???
95.3%
???
95.3%
???
95.2%
???
95.2%
???
95.2%
???
95.2%
???
95.2%
???
95.1%
???
95.1%
???
95.1%
???
95.1%
???
95.1%
???
95.1%
???
95.1%
???
95%
???
95%
???
95%
???
95%
???
95%
???
95%
???
94.9%
???
94.9%
???
94.9%
???
94.9%
???
94.9%
???
94.9%
???
94.9%
???
94.9%
???
94.9%
???
94.8%
???
94.8%
???
94.8%
???
94.8%
???
94.8%
???
94.7%
???
94.7%
???
94.7%
???
94.7%
???
94.7%
???
94.7%
???
94.7%
???
94.7%
???
94.7%
???
94.7%
???
94.7%
???
94.7%
???
94.7%
???
94.7%
???
94.7%
???
94.7%
???
94.6%
???
94.6%
???
94.6%
???
94.6%
???
94.6%
???
94.6%
???
94.6%
???
94.6%
???
94.6%
???
94.6%
???
94.6%
???
94.6%
???
94.5%
???
94.5%
???
94.5%
???
94.5%
???
94.5%
???
94.5%
???
94.5%
???
94.5%
???
94.5%
???
94.5%
???
94.5%
???
94.5%
???
94.4%
???
94.4%
???
94.4%
% Correct
???
94.4%
???
94.4%
???
94.4%
???
94.4%
???
94.4%
???
94.3%
???
94.3%
???
94.3%
???
94.3%
???
94.3%
???
94.3%
???
94.3%
???
94.3%
???
94.3%
???
94.3%
???
94.3%
???
94.3%
???
94.3%
???
94.3%
???
94.2%
???
94.2%
???
94.2%
???
94.2%
???
94.2%
???
94.2%
???
94.2%
???
94.2%
???
94.2%
???
94.2%
???
94.2%
???
94.2%
???
94.2%
???
94.2%
???
94.2%
???
94.2%
???
94.1%
???
94.1%
???
94.1%
???
94.1%
???
94.1%
???
94.1%
???
94.1%
???
94.1%
???
94.1%
???
94.1%
???
94%
???
94%
???
94%
???
94%
???
94%
???
94%
???
94%
???
94%
???
94%
???
94%
???
94%
???
94%
???
94%
???
94%
???
94%
???
94%
???
94%
???
94%
???
93.9%
???
93.9%
???
93.9%
???
93.9%
???
93.9%
???
93.9%
???
93.9%
???
93.9%
???
93.8%
???
93.8%
???
93.8%
???
93.8%
???
93.8%
???
93.8%
???
93.8%
???
93.8%
???
93.8%
???
93.8%
???
93.8%
???
93.7%
???
93.7%
???
93.7%
???
93.7%
???
93.7%
???
93.7%
???
93.7%
???
93.7%
???
93.7%
???
93.7%
???
93.7%
???
93.7%
???
93.7%
???
93.6%
???
93.6%
% Correct
???
93.6%
???
93.6%
???
93.6%
???
93.6%
???
93.6%
???
93.5%
???
93.5%
???
93.5%
???
93.5%
???
93.5%
???
93.5%
???
93.5%
???
93.5%
???
93.5%
???
93.5%
???
93.5%
???
93.5%
???
93.5%
???
93.4%
???
93.4%
???
93.4%
???
93.3%
???
93.3%
???
93.3%
???
93.3%
???
93.3%
???
93.3%
???
93.2%
???
93.2%
???
93.2%
???
93.2%
???
93.2%
???
93.2%
???
93.2%
???
93.2%
???
93.1%
???
93.1%
???
93%
???
93%
???
93%
???
93%
???
93%
???
92.9%
???
92.9%
???
92.9%
???
92.9%
???
92.9%
???
92.9%
???
92.8%
???
92.8%
???
92.8%
???
92.8%
???
92.8%
???
92.8%
???
92.7%
???
92.7%
???
92.7%
???
92.6%
???
92.6%
???
92.6%
???
92.6%
???
92.6%
???
92.5%
???
92.5%
???
92.5%
???
92.5%
???
92.4%
???
92.4%
???
92.4%
???
92.3%
???
92.2%
???
92.2%
???
92.2%
???
92.1%
???
92.1%
???
92%
???
91.9%
???
91.9%
???
91.8%
???
91.8%
???
91.7%
???
91.5%
???
91.5%
???
91.3%
???
91.2%
???
91%
???
91%
???
91%
???
91%
???
90.8%
???
90.7%
???
90.5%
???
90.5%
???
90.5%
???
85.4%

You're not logged in!

Compare scores with friends on all Sporcle quizzes.
OR
Log In

You Might Also Like...

Show Comments

Extras

Top Quizzes Today


Score Distribution

Your Account Isn't Verified!

In order to create a playlist on Sporcle, you need to verify the email address you used during registration. Go to your Sporcle Settings to finish the process.

Report this User

Report this user for behavior that violates our Community Guidelines.

Details: